Kop Managers Banner- Liverpool F.C. - Statistics

General Stats
  • This quiz has been taken 10 times
  • The average score is 21 of 36
Answer Stats
Hint Answer % Correct
Joe Fagan How many European cups did he win? 1
100%
Rafael Benitez What year did he join Liverpool? 2004
88%
Jurgen Klopp What year did he come to Liverpool? 2015
88%
Jurgen Klopp Which season did he win the Premier League? 2019-20
88%
Jurgen Klopp Who was his top scorer in the title-winning season with 19 league goals? Mohamed Salah
88%
Joe Fagan What year did he take over as Manager? 1983
75%
Kenny Dalglish What year did he become Player-Manager? 1985
75%
Bob Paisley How many European Cups did he win? 3
75%
Kenny Dalglish How many league titles did he win as manager? 3
75%
Bob Paisley How many league titles did he win in 9 years? 6
75%
Rafael Benitez Who did they beat in the Final on penalties after coming back from 3 nil down? Milan
75%
Rafael Benitez Who scored a 90th minute equalising volley in the 2006 FA Cup Final against West Ham. Steven Gerrard
75%
Jurgen Klopp Who did he sign from Southampton for £75m in 2018? Virgil Van Dijk
75%
Rafael Benitez Who was Benitez's most expensive signing coming from Atletico Madrid for £20m in 2007 Fernando Torres
63%
Rafael Benitez Which goalkeeper saved a penalty from Andriy Shevchenko and made a heroic double save to win the Champions League? Jerzy Dudek
63%
Bob Paisley Which player did he sign from Celtic in 1977 who went on to win 3 European Cups and become a Liverpool Manager? Kenny Dalglish
63%
Jurgen Klopp Who did they beat in the Final? Tottenham Hotspur
63%
Rafael Benitez Which trophy did he win in 2004-05? UEFA Champions League
63%
Jurgen Klopp What was his first trophy for the club, won in 2018/19? UEFA Champions League
63%
Bill Shankly Which European trophy did he win in 1973? UEFA Cup
63%
Bob Paisley He took over in 1974. What season did he win his first league title? 1975-76
50%
Bob Paisley Which season did he win the UEFA Cup? 1975-76
50%
Joe Fagan He won a treble in the 1983-84 season with the First Divison, European Cup and League cup. Who did they play in the League Cup final? Everton
50%
Kenny Dalglish Who did they beat in the '86 FA Cup Final Everton
50%
Kenny Dalglish In Summer 1988 who did Dalglish re-sign from Juventus? Ian Rush
50%
Joe Fagan Who did he beat in their ground in the '84 European Cup Final? Roma
50%
Bill Shankly He won the 2nd Division and got Liverpool promoted back to the 1st Division for the first time since 1953-54 in what season? 1961-62
38%
Bill Shankly Which season did he win the First Division for the 1st time? 1963-64
38%
Joe Fagan Which season did he win the European cup? 1983-84
38%
Joe Fagan How many points did Liverpool amass in the 1983/84 season, beating Southampton to the title by 3 points? 80
38%
Bill Shankly Who did they play in the final in 1973 Borussia Monchengladbach
38%
Bill Shankly Who did he beat in the 1965 FA Cup Final? Leeds United
38%
Kenny Dalglish Which 2 players did Kenny Dalglish sign at the beginning of the 1987-88 season from Newcastle United and Watford respectively Peter Beardsley and John Barnes
38%
Bob Paisley Who did he beat in his three finals? Borussia Monchengladbach, Club Brugge, Real Madrid
13%
Bill Shankly Who were the two players which Shankly insisted on signing in 1961 from Dundee United and Motherwell respectively, who went on to win three league titles, and the FA Cup? Ron Yeats and Ian St John
13%
Kenny Dalglish Which two trophies did he win in his first season in charge? First Division and FA Cup
0%
No matching quizzes found
Score Distribution
Percent of People with Each Score
Percentile by Number Answered
Your Score History
You have not taken this quiz